000 00534nam a2200169 i 4500
001 45741
003 ES-MaACL
005 20230906161253.0
007 t|
008 030326s1967 sp ||||1| cat d
100 1 _aColominas y Montada, José.
_939861
245 1 0 _aDiorames vivents /
_cJosé Colominas y Montada ; amb un próleg de Lluis Ferrer i Ezquerra.
260 _aBarcelona :
_bLa Hormiga de Oro,
_c1967.
300 _a107 p. ;
_c16 cm.
700 1 _aFerrer i Ezquerra, Lluis.
_950472
852 _aES-MaACL
_jC-32695
_bR.63481
999 _c45741
_d45741